Țările care încep cu litera R - Statistics

General Stats
  • This quiz has been taken 36 times
  • The average score is 5 of 8
Answer Stats
Ţară % Correct
România
100%
Rusia
93%
Rwanda
67%
Republica Democrată Congo
60%
Republica Congo
53%
Regatul Unit
47%
Republica Dominicană
33%
Republica Centrafricană
7%
No matching quizzes found
Score Distribution
Percent of People with Each Score
Percentile by Number Answered
Your Score History
You have not taken this quiz